| 000 | 00422nam a2200169 a 4500 | ||
|---|---|---|---|
| 001 | 5658 | ||
| 003 | CDMR | ||
| 005 | 20130227094410.0 | ||
| 008 | 130130s2002||||||||||||||||||||||||||||d | ||
| 020 | _a847664776X | ||
| 040 |
_aCDMR _bcat _cCDMR |
||
| 100 |
_93017 _aAbbas _d1944- |
||
| 245 | 1 | 0 |
_aVisions de l'islam _cAbbas |
| 260 |
_aBarcelona _c2002 _bFundació "la Caixa" |
||
| 500 | _aCatàleg d'exposició | ||
| 942 |
_cMON _2ddc |
||
| 999 |
_c5658 _d5658 |
||